Learning Resource and Development

Managerial accounting/ (Record no. 12180)

MARC details
000 -LEADER
fixed length control field 00814nam a22002657a 4500
005 - DATE AND TIME OF LATEST TRANSACTION
control field 20230512223913.0
008 - FIXED-LENGTH DATA ELEMENTS--GENERAL INFORMATION
fixed length control field 220711t xxu||||| |||| 00| 0 eng d
020 ## - INTERNATIONAL STANDARD BOOK NUMBER
International Standard Book Number 9781119668305
040 ## - CATALOGING SOURCE
Transcribing agency CSPC
050 0# - LIBRARY OF CONGRESS CALL NUMBER
Classification number 658. 1511
Item number J56m
100 ## - MAIN ENTRY--PERSONAL NAME
Personal name Jiambalvo, James
Relator term author.
245 00 - TITLE STATEMENT
Title Managerial accounting/
Statement of responsibility, etc. James Jiambalvo
250 ## - EDITION STATEMENT
Edition statement Seventh Edition
260 ## - PUBLICATION, DISTRIBUTION, ETC.
Place of publication, distribution, etc. Singapore :
Name of publisher, distributor, etc. Markono Print Media Pte Ltd ;
Date of publication, distribution, etc. 2020.
300 ## - PHYSICAL DESCRIPTION
Extent xii, 44 pages :
Other physical details figures, tables :
Dimensions 27 cm.
336 ## - CONTENT TYPE
Source rdacontent
Content type term text
337 ## - MEDIA TYPE
Source rdamedia
Media type term unmediated
338 ## - CARRIER TYPE
Source rdacarrier
Carrier type term volume
500 ## - GENERAL NOTE
General note Includes index.
650 10 - SUBJECT ADDED ENTRY--TOPICAL TERM
Topical term or geographic name entry element Managerial accounting.
940 ## - EQUIVALENCE OR CROSS-REFERENCE--UNIFORM TITLE [OBSOLETE] [CAN/MARC only]
Uniform title <a href="Malou">Malou</a>
942 ## - ADDED ENTRY ELEMENTS (KOHA)
Koha item type
-- CIR 658.1511 J56m 2020
Holdings
Withdrawn status Lost status Damaged status Not for loan Home library Current library Shelving location Date acquired Total Checkouts Full call number Barcode Date last seen Date last checked out Copy number Price effective from Koha item type
        Main Library Main Library Circulation Section 05/12/2023 3 CIR 658.1511 J56m 2020 024267 11/19/2025 09/29/2025 1-2 05/12/2023 Books
        Main Library Main Library Circulation Section 05/12/2023 1 CIR 658.1511 J56m 2020 024268 09/15/2025 08/12/2025 2-2 05/12/2023 Books